Statistiques concernant Capitales du monde par lettre - D

Cliquez ici pour prendre le quiz!

Statistiques générales

  • Ce quiz a été pris 1 223 fois
  • Le résultat moyen est 7 sur 11

Statistiques - réponses

Réponse% Correct
Dublin
85%
Dakar
75%
Damas
73%
Dili
71%
Dodoma
71%
Douchanbé
70%
Djibouti
69%
Doha
69%
Dacca
62%
Djouba
54%
Delap-Uliga-Darrit
13%

Distribution des résultats

Percentile par nombre de réponses

% des personnes avec chaque résultat

Votre développement - résultats

Vous n’avez pas pris ce quiz